00590nam a2200205 a 450000100060000000300080000600500170001400800390003103500190007004000330008904100080012208200250013010000210015524500570017626000480023330000320028150400200031365000270033365000240036067597BD-RjUL20211209081655.0170327s2005 maua 001 0 eng a(BD-RjUL)67728 aDLCcCarPdDLCdBD-RjULbeng aeng04223a530.13bSRS 20051 aSrivastava, R. K10aStatistical mechanics /cR K Srivastava and J. Ashok aNew Delhi :bPrentice-Hall of India,cc2005 ax, 210 p. :bill. ;c23 cm. aIncludes index. 0aStatistical mechanics. 0aMatterxProperties.